000 00244nam a22001097a 4500
082 _a621.384 NOR'C
100 _aNORANDER NATH
_975141
245 _aCOMPLETE RADIO SERVICING
260 _aLAHORE
_bJAHANGIR
_c1985
300 _a448P
942 _cBK
999 _c580620
_d580620